Sinh học của rau chốc

محفوظ في:
التفاصيل البيبلوغرافية
المؤلف الرئيسي: Hứa Thị Gương
التنسيق: كتاب
اللغة:Undetermined
منشور في: Cần Thơ Viện Đại Học Cần Thơ - Đại Học Khoa Học - Ban Vạn Vật Học 1974
الموضوعات:
الوسوم: إضافة وسم
لا توجد وسوم, كن أول من يضع وسما على هذه التسجيلة!
Thư viện lưu trữ: Trung tâm Học liệu Trường Đại học Cần Thơ
LEADER 00561nam a2200181Ia 4500
001 CTU_33705
008 210402s9999 xx 000 0 und d
082 |a 581.652 
082 |b G561 
100 |a Hứa Thị Gương 
245 0 |a Sinh học của rau chốc 
245 0 |c Hứa Thị Gương 
260 |a Cần Thơ 
260 |b Viện Đại Học Cần Thơ - Đại Học Khoa Học - Ban Vạn Vật Học 
260 |c 1974 
650 |a weeds 
904 |i Minh, 991105 
980 |a Trung tâm Học liệu Trường Đại học Cần Thơ